<?xml version="1.0" encoding="UTF-8"?>
<record
    xmlns:xsi="http://www.w3.org/2001/XMLSchema-instance"
    xsi:schemaLocation="http://www.loc.gov/MARC21/slim http://www.loc.gov/standards/marcxml/schema/MARC21slim.xsd"
    xmlns="http://www.loc.gov/MARC21/slim">

  <leader>03321cam a2200169   4500500</leader>
  <controlfield tag="005">20260329010916.0</controlfield>
  <datafield tag="041" ind1=" " ind2=" ">
    <subfield code="a">fre</subfield>
  </datafield>
  <datafield tag="042" ind1=" " ind2=" ">
    <subfield code="a">dc</subfield>
  </datafield>
  <datafield tag="100" ind1="1" ind2="0">
    <subfield code="a">Breugnot, Pascale</subfield>
    <subfield code="e">author</subfield>
  </datafield>
  <datafield tag="245" ind1="0" ind2="0">
    <subfield code="a">Les innovations socio-&#xE9;ducatives</subfield>
  </datafield>
  <datafield tag="260" ind1=" " ind2=" ">
    <subfield code="c">2011.
							</subfield>
  </datafield>
  <datafield tag="500" ind1=" " ind2=" ">
    <subfield code="a">71</subfield>
  </datafield>
  <datafield tag="520" ind1=" " ind2=" ">
    <subfield code="a">La mort a toujours pos&#xE9; un cas de conscience en droit. Mais celui-ci ne l&#x2019;a jamais d&#xE9;fini compte de tenu de sa complexit&#xE9;. Il a n&#xE9;anmoins laiss&#xE9; cette comp&#xE9;tence &#xE0; la discr&#xE9;tion de la m&#xE9;decine qui est la plus outill&#xE9;e pour &#xE9;tablir la mort. Le droit ne prend en charge que les effets patrimoniaux et extrapatrimoniaux de la mort. La cons&#xE9;quence imm&#xE9;diate de la mort est la fin de la personnalit&#xE9; juridique si elle est certifi&#xE9;e par une d&#xE9;cision m&#xE9;dico-l&#xE9;gale. Il arrive que la mort soit entour&#xE9;e de l&#x2019;incertitude li&#xE9;e &#xE0; l&#x2019;absence ou &#xE0; la disparition. Dans ce cas, la mort ne peut mettre fin &#xE0; la personnalit&#xE9; juridique. Cependant, des mesures conservatoires sont prises en attendant la certification de la mort pour prononcer la fin de la personnalit&#xE9; juridique. La conception classique de la mort mettant fin &#xE0; la personnalit&#xE9; juridique est souvent remise en cause si on interroge la volont&#xE9; du d&#xE9;funt et le droit moral qui ne sont pas dans la dynamique de la fin automatique de la personnalit&#xE9; juridique. Cette interrogation devient de plus en plus d&#x2019;actualit&#xE9; avec l&#x2019;apparition de l&#x2019;identit&#xE9; num&#xE9;rique qui met &#xE0; rude &#xE9;preuve la mort. Il est difficile de mettre en &#x153;uvre la mort num&#xE9;rique. La mort physique est difficilement duplicable dans le monde num&#xE9;rique. Cette &#xE9;tude vise &#xE0; montrer que la mort ne peut toujours mettre de fa&#xE7;on syst&#xE9;matique la fin de la personnalit&#xE9; juridique. Certains droits continuent &#xE0; produire de gr&#xE9; ou de force leurs effets apr&#xE8;s la mort.</subfield>
  </datafield>
  <datafield tag="520" ind1=" " ind2=" ">
    <subfield code="a">Death has always been an insoluble legal dilemma. It has never been given a legal definition. Nonetheless, such competence is left to the medical science which is better furnished to establish death. The law only covers the property and non-property effects of death. The immediate consequence of death is the termination of legal personality if it is certified by a medico-legal decision. Sometimes death is surrounded by uncertainty related to the absence or disappearance of somebody. In those cases, death cannot terminate legal personality. However, precautionary measures are taken pending the pronunciation of the death to end legal personality. The classic conception of death putting an end to legal personality is often called into question if we enquiry the will of the deceased and his moral rights which are not in line with the automatic termination of legal personality. This question is becoming more and more remarkable with the appearance of digital identity, which overthrow the issue of death that is difficult to implement in the digital scale. Physical death is difficult to duplicate in the digital world. This study aims to show that death cannot always systematically put an end to legal personality. Some duties continue to produce their effects for better or for worse.</subfield>
  </datafield>
  <datafield tag="786" ind1="0" ind2=" ">
    <subfield code="n">Les Cahiers Dynamiques | 49 | 4 | 2011-05-01 | p. 97-107 | 1276-3780</subfield>
  </datafield>
  <datafield tag="856" ind1="4" ind2="1">
    <subfield code="u">https://shs.cairn.info/revue-les-cahiers-dynamiques-2010-4-page-97?lang=fr&amp;redirect-ssocas=7080</subfield>
  </datafield>
  <datafield tag="999" ind1=" " ind2=" ">
    <subfield code="c">1857004</subfield>
    <subfield code="d">1857004</subfield>
  </datafield>
</record>
